MTA Long Island Railroad Stations - Statistics

General Stats
  • This quiz has been taken 218 times
  • The average score is 61 of 127
Answer Stats
Answer % Correct
Pennsylvania Station
91%
Jamaica
89%
Babylon
87%
Belmont Park
84%
Far Rockaway
84%
Hempstead
84%
Port Washington
84%
Long Beach
83%
Montauk
83%
Ronkonkoma
81%
Port Jefferson
80%
West Hempstead
77%
Woodside
75%
Oyster Bay
72%
Mineola
69%
Atlantic Terminal
68%
Huntington
64%
Long Island City
64%
Flushing - Main Street
63%
Forest Hills
60%
Great Neck
60%
Hicksville
60%
Syosset
59%
East New York
57%
Elmont
57%
Kew Gardens
56%
Massapequa
56%
Floral Park
55%
Greenport
55%
Little Neck
55%
Garden City
53%
Manhasset
53%
Mets - Willets Point
53%
Nostrand Avenue
53%
Southampton
53%
Amityville
52%
Cold Spring Harbor
52%
East Hampton
52%
Farmingdale
52%
Hunterspoint Avenue
52%
New Hyde Park
52%
Stony Brook
52%
Bayside
51%
Central Islip
51%
Massapequa Park
51%
Riverhead
51%
Westhampton
51%
Bethpage
49%
Douglaston
49%
Islip
49%
Westbury
49%
Brentwood
48%
Merillon Avenue
48%
Country Life Press
47%
Deer Park
47%
Freeport
47%
Hampton Bays
47%
Queens Village
47%
Wyandanch
47%
Baldwin
45%
Carle Place
45%
Glen Cove
45%
Lindenhurst
45%
Oceanside
45%
East Rockaway
44%
Grand Central Madison
44%
Hollis
44%
Patchogue
44%
Roslyn
44%
Smithtown
44%
St Albans
44%
Valley Stream
44%
Auburndale
43%
Bay Shore
43%
Bellmore
43%
Broadway
43%
Island Park
43%
Merrick
43%
Lynbrook
41%
Northport
41%
Plandome
41%
Rockville Centre
41%
Seaford
41%
Bellerose
40%
Hewlett
40%
Kingspark
40%
Pinelawn
40%
Wantagh
40%
Yaphank
40%
Laurelton
39%
Locust Manor
39%
Malverne
39%
Mastic - Shirley
39%
Nassau Boulevard
39%
Rosedale
39%
Cedarhurst
37%
Inwood
37%
Sayville
37%
Speonk
37%
Stewart Manor
37%
Amagansett
36%
Hempstead Gardens
36%
Woodmere
36%
Bridgehampton
35%
Copiague
35%
Murray Hill
35%
St James
35%
Glen Head
33%
Albertson
32%
Centre Avenue
32%
Lakeview
32%
Lawrence
32%
Medford
32%
Gibson
31%
East Williston
29%
Glen Street
29%
Locust Valley
29%
Sea Cliff
29%
Greenlawn
28%
Great River
27%
Mattituck
27%
Oakdale
27%
Westwood
27%
Bellport
25%
Southold
25%
Greenvale
23%
Boland's Landing
15%
No matching quizzes found
Score Distribution
Percent of People with Each Score
Percentile by Number Answered
Your Score History
You have not taken this quiz